ARRUPE JESUIT UNIVERSITY

CORONAVIRUS -STOP THE SPREAD - CLEAN,DISINFECT,COVER

Polity and praxis : (Record no. 118739)

MARC details
000 -LEADER
fixed length control field 01184cam a2200313 a 4500
001 - CONTROL NUMBER
control field 2470644
003 - CONTROL NUMBER IDENTIFIER
control field ARRUPE
005 - DATE AND TIME OF LATEST TRANSACTION
control field 20131126172640.0
008 - FIXED-LENGTH DATA ELEMENTS--GENERAL INFORMATION
fixed length control field 900410r19901985mdua b 001 0 eng
010 ## - LIBRARY OF CONGRESS CONTROL NUMBER
LC control number 90036561
020 ## - INTERNATIONAL STANDARD BOOK NUMBER
International Standard Book Number 0819178470
040 ## - CATALOGING SOURCE
Original cataloging agency DLC
Transcribing agency DLC
Modifying agency DLC
043 ## - GEOGRAPHIC AREA CODE
Geographic area code n-us---
050 10 - LIBRARY OF CONGRESS CALL NUMBER
Classification number BV3
Item number .M43 1990
300 ## - PHYSICAL DESCRIPTION
Other physical details ill. ;
Dimensions 23 cm.
100 1# - MAIN ENTRY--PERSONAL NAME
Personal name McCann, Dennis.
9 (RLIN) 4054
245 10 - TITLE STATEMENT
Title Polity and praxis :
Remainder of title a program for American practical theology /
Statement of responsibility, etc Dennis P. McCann, Charles R. Strain.
260 ## - PUBLICATION, DISTRIBUTION, ETC. (IMPRINT)
Place of publication, distribution, etc Lanham :
Name of publisher, distributor, etc University Press of America,
Date of publication, distribution, etc c1990.
300 ## - PHYSICAL DESCRIPTION
Extent vi, 245 p. :
500 ## - GENERAL NOTE
General note Originally published: Minneapolis : Winston Press, c1985.
504 ## - BIBLIOGRAPHY, ETC. NOTE
Bibliography, etc Includes bibliographical references (p. 223-240) and index.
650 #0 - SUBJECT ADDED ENTRY--TOPICAL TERM
Topical term or geographic name as entry element Theology, Practical.
9 (RLIN) 4055
650 #0 - SUBJECT ADDED ENTRY--TOPICAL TERM
Topical term or geographic name as entry element Theology
General subdivision Study and teaching
Geographic subdivision United States.
9 (RLIN) 4056
650 #0 - SUBJECT ADDED ENTRY--TOPICAL TERM
Topical term or geographic name as entry element Christian ethics
Geographic subdivision United States.
9 (RLIN) 4057
650 #0 - SUBJECT ADDED ENTRY--TOPICAL TERM
Topical term or geographic name as entry element Christianity and politics.
9 (RLIN) 4058
700 1# - ADDED ENTRY--PERSONAL NAME
Personal name Strain, Charles R.
9 (RLIN) 4059
906 ## - LOCAL DATA ELEMENT F, LDF (RLIN)
a 7
b cbc
c orignew
d 1
e ocip
f 19
g y-gencatlg
942 ## - ADDED ENTRY ELEMENTS (KOHA)
Source of classification or shelving scheme Library of Congress Classification
Koha item type Monograph ( Printed materials)
Holdings
Withdrawn status Lost status Source of classification or shelving scheme Damaged status Not for loan Home library Current library Shelving location Date acquired Total Checkouts Full call number Barcode Date last seen Price effective from Koha item type
    Library of Congress Classification     ARRUPE LIBRARY ARRUPE LIBRARY Main Collection 26/11/2013   BV3 .M43 1990 46410242 24/01/2017 26/11/2013 Monograph ( Printed materials)

 

Arrupe Library. PO Box MP320 Mt Pleasant, Harare, Zimbabwe
263 242 745411|librarian@aju.ac.zw